[Event "BCF-ch U14"]
[Site "Coventry"]
[Date "2015.08.05"]
[Round "5"]
[White "Watson, Jacob"]
[Black "Reed, Liam"]
[Result "1-0"]
[WhiteElo "1622"]
[BlackElo "1505"]
[PlyCount "57"]
[EventDate "2015.08.02"]
[EventType "swiss"]
[EventRounds "7"]
[EventCountry "ENG"]
[SourceTitle "CBM 167 Extra"]
[Source "ChessBase"]
[SourceDate "2015.09.14"]
[SourceVersion "1"]
[SourceVersionDate "2015.09.14"]
[SourceQuality "1"]

1. e4 d6 2. d4 Nf6 3. Nc3 g6 4. f4 e5 5. dxe5 dxe5 6. Qxd8+ Kxd8 7. fxe5 Ng4 8. Nf3 Nc6 9. Bg5+ Be7 10. Bxe7+ Kxe7 11. Nd5+ Kd8 12. h3 Ngxe5 13. 0-0-0 Bd7 14. Bb5 Nxf3 15. gxf3 Kc8 16. Bxc6 Bxc6 17. Ne7+ Kb8 18. Nxc6+ bxc6 19. Rd7 Kb7 20. Rxf7 Raf8 21. Rxf8 Rxf8 22. Rf1 Rf4 23. Kd2 g5 24. Ke3 Rh4 25. Rh1 h5 26. Kf2 Rf4 27. Rg1 Rh4 28. Rg3 Kc8 29. Kg2 1-0

[Event "BCF-ch U14"]
[Site "Coventry"]
[Date "2015.08.02"]
[Round "1"]
[White "Reed, Liam"]
[Black "Hinterreither, Nikolai"]
[Result "1/2-1/2"]
[WhiteElo "1505"]
[BlackElo "1695"]
[PlyCount "104"]
[EventDate "2015.08.02"]
[EventType "swiss"]
[EventRounds "7"]
[EventCountry "ENG"]
[SourceTitle "CBM 167 Extra"]
[Source "ChessBase"]
[SourceDate "2015.09.14"]
[SourceVersion "1"]
[SourceVersionDate "2015.09.14"]
[SourceQuality "1"]

1. e4 c5 2. Nf3 Nc6 3. d4 cxd4 4. Nxd4 g6 5. Be3 Bg7 6. Qd2 Nf6 7. f3 d5 8. Bb5 Bd7 9. Nc3 e5 10. Bxc6 bxc6 11. Nb3 d4 12. Nxd4 exd4 13. Bxd4 0-0 14. 0-0-0 Be6 15. Qf4 Qe7 16. Qe3 Nd7 17. Bxg7 Kxg7 18. h4 h5 19. Nd5 Bxd5 20. Qd4+ Nf6 21. exd5 cxd5 22. g4 hxg4 23. fxg4 Qe4 24. g5 Qxd4 25. Rxd4 Nh5 26. Rxd5 Ng3 27. Re1 Rh8 28. Re7 Nf5 29. Rc7 Nxh4 30. Rdd7 Rhf8 31. Rxa7 Rxa7 32. Rxa7 Rd8 33. Ra5 f5 34. gxf6+ Kxf6 35. c4 g5 36. c5 Ke6 37. c6 Rg8 38. Rc5 Nf5 39. c7 Ne7 40. b4 g4 41. Kd2 g3 42. Rc1 Kd7 43. Ke2 g2 44. Kf2 g1Q+ 45. Rxg1 Rxg1 46. c8Q+ Kxc8 47. Kxg1 Nd5 48. a3 Kb7 49. Kf2 Kb6 50. Kf3 Kb5 51. Ke4 Nxb4 52. axb4 Kxb4 1/2-1/2

[Event "London Golders Green op U1900 4th"]
[Site "London"]
[Date "2014.08.23"]
[Round "1"]
[White "Pride, Stephen C"]
[Black "Reed, Liam"]
[Result "1-0"]
[WhiteElo "1760"]
[BlackElo "1470"]
[PlyCount "109"]
[EventDate "2014.08.23"]
[EventType "swiss"]
[EventRounds "6"]
[EventCountry "ENG"]
[SourceTitle "EXT 2018"]
[Source "ChessBase"]
[SourceDate "2017.10.13"]
[SourceVersion "1"]
[SourceVersionDate "2017.10.13"]
[SourceQuality "1"]

1. d4 Nf6 2. Bg5 g6 3. Bxf6 exf6 4. c4 Bg7 5. Nc3 0-0 6. e3 c6 7. g3 d5 8. cxd5 cxd5 9. Bg2 Be6 10. Qb3 Nc6 11. Rc1 Re8 12. Nge2 Na5 13. Qd1 Rc8 14. Nf4 a6 15. Nfxd5 Bxd5 16. Nxd5 Rxc1 17. Qxc1 Nc6 18. 0-0 Qa5 19. a3 Rc8 20. Qc2 Qd8 21. Nc3 b5 22. Bxc6 Rxc6 23. Rc1 f5 24. Qd1 Kf8 25. Na2 Qc7 26. Rxc6 Qxc6 27. Qc1 Qxc1+ 28. Nxc1 Ke8 29. Nd3 Ke7 30. b4 Kd8 31. Nc5 g5 32. Nxa6 f4 33. Kg2 fxe3 34. fxe3 f5 35. Nc5 Ke7 36. Kf3 Kf6 37. Na6 g4+ 38. Ke2 Ke6 39. Nc7+ Kd6 40. Nxb5+ Kc6 41. Nc3 h5 42. Kd3 Bf8 43. Kc4 Bh6 44. Nd5 Bf8 45. a4 Bd6 46. b5+ Kb7 47. Nf4 Bxf4 48. exf4 Kb6 49. d5 Ka5 50. d6 Kb6 51. a5+ Kb7 52. a6+ Ka7 53. d7 h4 54. d8Q hxg3 55. Qc7+ 1-0

[Event "Hampstead op U2200 11-A"]
[Site "Hampstead"]
[Date "2013.11.23"]
[Round "1"]
[White "Reed, Liam"]
[Black "O'Gorman, Brendan"]
[Result "1/2-1/2"]
[WhiteElo "1498"]
[BlackElo "1819"]
[PlyCount "76"]
[EventDate "2013.11.23"]
[EventType "swiss"]
[EventRounds "5"]
[EventCountry "ENG"]
[SourceTitle "EXT 2015"]
[Source "ChessBase"]
[SourceDate "2014.11.20"]
[SourceVersion "1"]
[SourceVersionDate "2014.11.20"]
[SourceQuality "1"]

1. e4 c5 2. Nf3 g6 3. c3 Bg7 4. d4 cxd4 5. cxd4 d5 6. Bd3 Bg4 7. Be3 Nf6 8. Nbd2 0-0 9. h3 Bxf3 10. Qxf3 Nc6 11. e5 Ne8 12. 0-0 e6 13. Nb3 f6 14. Qg4 Nc7 15. f4 f5 16. Qe2 Nb4 17. Nc5 Nxd3 18. Qxd3 Qe7 19. Nxb7 Rab8 20. Nd6 Rxb2 21. Rfb1 Rfb8 22. Bc1 Rxb1 23. Rxb1 Qd8 24. Rxb8 Qxb8 25. Ba3 Ne8 26. Nxe8 Qxe8 27. Qa6 Qd7 28. Qd6 Qc8 29. Qe7 a6 30. Qc5 Qb7 31. Qe7 Qxe7 32. Bxe7 Kf7 33. Bd6 Bh6 34. g3 g5 35. fxg5 Bxg5 36. Bc5 h5 37. Kg2 Ke8 38. Kf3 Kd7 1/2-1/2

[Event "Hampstead op U2200 10"]
[Site "Hampstead"]
[Date "2013.10.27"]
[Round "5"]
[White "Reed, Liam"]
[Black "Falasca, Marco"]
[Result "1-0"]
[WhiteElo "1447"]
[BlackElo "1544"]
[PlyCount "67"]
[EventDate "2013.10.26"]
[EventType "swiss"]
[EventRounds "5"]
[EventCountry "ENG"]
[SourceTitle "EXT 2015"]
[Source "ChessBase"]
[SourceDate "2014.11.20"]
[SourceVersion "1"]
[SourceVersionDate "2014.11.20"]
[SourceQuality "1"]

1. e4 c5 2. Nf3 g6 3. c3 Bg7 4. d4 cxd4 5. cxd4 d6 6. Nc3 Nf6 7. Be3 0-0 8. Qd2 Ng4 9. Bd3 Nxe3 10. fxe3 Bg4 11. 0-0 Nc6 12. h3 Bd7 13. Rf2 a6 14. Raf1 b5 15. Bc2 Rc8 16. a3 Na5 17. b3 e6 18. Na2 h6 19. Nb4 Qb6 20. Nd3 Bc6 21. Nf4 Rcd8 22. d5 exd5 23. exd5 Bd7 24. Qd3 Bf5 25. e4 Bd7 26. Kh1 Nb7 27. b4 a5 28. h4 f5 29. Nxg6 fxe4 30. Qxe4 Bf5 31. Ne7+ Kh8 32. Nxf5 Kg8 33. Nxh6+ Bxh6 34. Qh7# 1-0

[Event "Hampstead op U2200 10"]
[Site "Hampstead"]
[Date "2013.10.26"]
[Round "3"]
[White "Oyama, Harunobu"]
[Black "Reed, Liam"]
[Result "1-0"]
[WhiteElo "1552"]
[BlackElo "1447"]
[PlyCount "79"]
[EventDate "2013.10.26"]
[EventType "swiss"]
[EventRounds "5"]
[EventCountry "ENG"]
[SourceTitle "EXT 2015"]
[Source "ChessBase"]
[SourceDate "2014.11.20"]
[SourceVersion "1"]
[SourceVersionDate "2014.11.20"]
[SourceQuality "1"]

1. e4 d6 2. d4 Nf6 3. Nc3 g6 4. Be2 Bg7 5. Be3 0-0 6. h4 h5 7. f3 Nc6 8. g4 e5 9. gxh5 Nxh5 10. d5 Ne7 11. Qd2 f5 12. Bh6 f4 13. Bxg7 Kxg7 14. 0-0-0 Ng3 15. Rh2 Rh8 16. Bc4 Bd7 17. Nge2 Nh5 18. Bb5 Bxb5 19. Nxb5 a6 20. Nbc3 b5 21. Ng1 Qd7 22. Nh3 b4 23. Ne2 a5 24. Ng5 Rhb8 25. Ne6+ Kf6 26. Rg1 a4 27. N2xf4 Nxf4 28. Nxf4 exf4 29. Qxf4+ Kg7 30. h5 Rf8 31. Qg5 Qe8 32. Rgh1 Rh8 33. f4 Qf7 34. f5 Nxf5 35. exf5 Qxf5 36. h6+ Kf7 37. Qe3 Qxd5 38. Rf1+ Kg8 39. Rg1 Qf7 40. Rf2 1-0

[Event "Hampstead op U2200 07"]
[Site "Hampstead"]
[Date "2013.07.21"]
[Round "4"]
[White "Brozel, Sacha"]
[Black "Reed, Liam"]
[Result "1-0"]
[WhiteElo "1706"]
[BlackElo "1417"]
[PlyCount "109"]
[EventDate "2013.07.20"]
[EventType "swiss"]
[EventRounds "5"]
[EventCountry "ENG"]
[SourceTitle "EXT 2023"]
[Source "ChessBase"]
[SourceDate "2022.10.05"]
[SourceVersion "1"]
[SourceVersionDate "2022.10.05"]
[SourceQuality "1"]

1. d4 d6 2. c4 Nf6 3. Nc3 g6 4. e4 Bg7 5. Nf3 0-0 6. Be2 e5 7. 0-0 Nbd7 8. Bg5 c5 9. d5 Nb6 10. a3 Bg4 11. Nd2 Bxe2 12. Qxe2 Qd7 13. b4 Rac8 14. Rfb1 a6 15. bxc5 Nxc4 16. Nxc4 Rxc5 17. Be3 Rc7 18. Nb6 Qe7 19. Rc1 Nd7 20. Nca4 Nc5 21. Nxc5 dxc5 22. Rab1 f5 23. Qc4 Rf7 24. Bxc5 Qg5 25. d6 Rc6 26. d7 Bf8 27. Qd5 Bxc5 28. Rxc5 Qd8 29. Rxc6 bxc6 30. Qe6 fxe4 31. Qe8+ Rf8 32. Qxd8 Rxd8 33. Kf1 Kf8 34. Ke2 Ke7 35. Ke3 Rb8 36. Nc8+ Kxd7 37. Rxb8 Kc7 38. Rb4 Kxc8 39. Kxe4 Kd7 40. Kxe5 c5 41. Rb6 c4 42. Kd4 Kc7 43. Rxa6 Kb7 44. Rf6 c3 45. Kxc3 h5 46. Kb4 h4 47. Kb5 Kc7 48. a4 h3 49. g3 g5 50. a5 g4 51. a6 Kc8 52. Rh6 Kc7 53. a7 Kd7 54. a8Q Ke7 55. Qa7+ 1-0

[Event "Hampstead op U2200 07"]
[Site "Hampstead"]
[Date "2013.07.21"]
[Round "5"]
[White "Reed, Liam"]
[Black "Szucs, Zoltan"]
[Result "0-1"]
[WhiteElo "1417"]
[BlackElo "1632"]
[PlyCount "138"]
[EventDate "2013.07.20"]
[EventType "swiss"]
[EventRounds "5"]
[EventCountry "ENG"]
[SourceTitle "EXT 2023"]
[Source "ChessBase"]
[SourceDate "2022.10.05"]
[SourceVersion "1"]
[SourceVersionDate "2022.10.05"]
[SourceQuality "1"]

1. e4 e5 2. Nf3 Nc6 3. Bc4 Bc5 4. c3 Nf6 5. d4 exd4 6. cxd4 Bb4+ 7. Bd2 Nxe4 8. Bxb4 Nxb4 9. Bxf7+ Kxf7 10. Qb3+ d5 11. Qxb4 Re8 12. 0-0 Kg8 13. Nbd2 a5 14. Qb3 Bg4 15. Nxe4 Rxe4 16. Ne5 Rxd4 17. f3 Rb4 18. Qd3 Be6 19. Rf2 Qd6 20. f4 Rf8 21. Raf1 Qb6 22. Kh1 Rxb2 23. Qf3 Rxf2 24. Qxf2 Qxf2 25. Rxf2 c5 26. g4 d4 27. a4 Bd5+ 28. Kg1 Bc6 29. Nxc6 bxc6 30. Kf1 g6 31. Ke2 Kf7 32. Kd3 Ke6 33. Kc4 Kd6 34. f5 gxf5 35. gxf5 h5 36. f6 Ke6 37. Kxc5 d3 38. Kxc6 Rxf6 39. Rd2 Ke5+ 40. Kc5 Ke4 41. Kc4 Rc6+ 42. Kb3 Ke3 43. Rg2 d2 44. Rg3+ Ke2 45. Rg2+ Ke1 46. Rg1+ Kf2 47. Rd1 Ke2 48. Rxd2+ Kxd2 49. Ka3 Kc3 50. Ka2 Rg6 51. Ka3 Rg1 52. Ka2 Rg2+ 53. Ka3 Rb2 54. h3 Rb4 55. Ka2 Rxa4+ 56. Kb1 Rh4 57. Ka2 a4 58. Ka3 Rxh3 59. Kxa4 Rh1 60. Kb5 Rb1+ 61. Kc5 h4 62. Kd5 h3 63. Kc5 h2 64. Kc6 h1Q+ 65. Kc5 Qh5+ 66. Kc6 Rb5 67. Kd6 Qh6+ 68. Kc7 Rb6 69. Kc8 Qg7 0-1

[Event "Hampstead op U2200 07"]
[Site "Hampstead"]
[Date "2013.07.20"]
[Round "2"]
[White "Reed, Liam"]
[Black "Botteley, Michael T"]
[Result "1/2-1/2"]
[WhiteElo "1417"]
[BlackElo "1910"]
[PlyCount "109"]
[EventDate "2013.07.20"]
[EventType "swiss"]
[EventRounds "5"]
[EventCountry "ENG"]
[SourceTitle "EXT 2023"]
[Source "ChessBase"]
[SourceDate "2022.10.05"]
[SourceVersion "1"]
[SourceVersionDate "2022.10.05"]
[SourceQuality "1"]

1. e4 c5 2. Nf3 Nc6 3. Bc4 a6 4. d4 Nf6 5. Nc3 b5 6. e5 bxc4 7. exf6 d5 8. fxg7 Bxg7 9. Be3 cxd4 10. Nxd4 Nxd4 11. Bxd4 e5 12. Bc5 Be6 13. Qd2 h5 14. 0-0-0 d4 15. Ne4 Bh6 16. f4 Bxf4 17. Qxf4 exf4 18. Rxd4 Qxd4 19. Bxd4 Rh6 20. Rd1 Rd8 21. c3 Rg6 22. Nf6+ Rxf6 23. Bxf6 Rd5 24. Rxd5 Bxd5 25. Be5 Ke7 26. Kd2 Bxg2 27. Bxf4 Ke6 28. Ke3 Kd5 29. Bg5 f5 30. Kd2 Ke4 31. Ke2 f4 32. Kd2 Bf1 33. Ke1 Bd3 34. Kf2 Bb1 35. a4 Bc2 36. a5 Bd1 37. Ke1 Ba4 38. Ke2 Bc6 39. Bh4 Kf5 40. Bf2 Kg4 41. h4 Kh3 42. Kd2 Be4 43. Ke1 Bd3 44. Kd2 Kg2 45. Ke1 f3 46. Bd4 Be4 47. Bc5 Kg3 48. Bf2+ Kf4 49. Bd4 Bd3 50. Bf2 Ke4 51. Kd1 Bf1 52. Ke1 Bh3 53. Kd2 Bf5 54. Be3 Bd7 55. Bf2 1/2-1/2

[Event "Hampstead op U2200 04"]
[Site "Hampstead"]
[Date "2013.04.20"]
[Round "1"]
[White "Reed, Liam"]
[Black "Pride, Stephen C"]
[Result "0-1"]
[WhiteElo "1322"]
[BlackElo "1828"]
[PlyCount "38"]
[EventDate "2013.04.20"]
[EventType "swiss"]
[EventRounds "5"]
[EventCountry "ENG"]
[SourceTitle "EXT 2014"]
[Source "ChessBase"]
[SourceDate "2013.11.20"]
[SourceVersion "1"]
[SourceVersionDate "2013.11.20"]
[SourceQuality "1"]

1. e4 d6 2. d4 Nf6 3. Nc3 c6 4. Be3 Qa5 5. Qd2 e5 6. 0-0-0 Be7 7. f3 b5 8. d5 b4 9. Nb1 c5 10. a3 Bd7 11. Bc4 Na6 12. Ne2 Rb8 13. Bb3 0-0 14. Ng3 Rfc8 15. Nf5 Bf8 16. Rhg1 c4 17. Ba2 Qc7 18. axb4 Nxb4 19. Nc3 Qb7 0-1